| 000 | 00709nam a2200193Ia 4500 | ||
|---|---|---|---|
| 003 | GCL | ||
| 008 | 140319s9999 xx 000 0 ara d | ||
| 040 |
_aGCL / _cGCL |
||
| 082 | 0 | 4 |
_a916.61 _bم م |
| 100 | 1 | _aمحمد ابراهيم حسن | |
| 245 | 1 | 0 |
_aموريتانيا دراسة جغرافية اقليمية / _cمحمد ابراهيم حسن |
| 260 |
_aالقاهرة : _bالمكتبة المصرية ، _c2004 |
||
| 300 |
_a339 ص ؛ _c30 سم |
||
| 650 | 0 | 4 | _aموريتانيا |
| 650 | 0 | 4 | _aموريتانيا - جغرافيا |
| 650 | 0 | 4 | _aموريتانيا - الجغرافيا الطبيعية |
| 650 | 0 | 4 | _aموريتانيا - الجغرافيا السياسية |
| 942 |
_2ddc _cBK |
||
| 999 |
_c32866 _d32866 |
||